[Event "4th Linares it"]
[Site "Linares ESP"]
[Date "1983.02.12"]
[Round "1"]
[White "Spassky, Boris"]
[Black "Andersson, Ulf"]
[Result "1/2-1/2"]
[WhiteElo "2605"]
[BlackElo "2635"]
[EventDate "1983.02.11"]
[PlyCount "49"]

1.Nf3 Nf6 2.g3 d5 3.Bg2 Bg4 4.c4 c6 5.b3 Nbd7 6.Bb2 e6 7.O-O Bd6 8.d3 O-O 
9.Nc3 a6 10.Qc2 Qe7 11.e3 Ba3 12.Bxa3 Qxa3 13.Nd2 Bh5 14.d4 Bg6 15.Qc1 
Qxc1 16.Rfxc1 Rfc8 17.b4 b5 18.cxd5 cxd5 19.Nb3 Bd3 20.Nc5 Bc4 21.a4 bxa4 
22.N3xa4 Rab8 23.Nxd7 Nxd7 24.Nc5 Nf6 25.Rcb1 1/2-1/2

[Event "4th Linares it"]
[Site "Linares ESP"]
[Date "1983.02.12"]
[Round "1"]
[White "Geller, Efim"]
[Black "Karpov, Anatoly"]
[Result "1/2-1/2"]
[WhiteElo "2575"]
[BlackElo "2710"]
[EventDate "1983.02.11"]
[PlyCount "35"]

1.c4 c5 2.Nf3 Nf6 3.Nc3 d5 4.cxd5 Nxd5 5.g3 g6 6.Bg2 Bg7 7.O-O O-O 8.Nxd5 
Qxd5 9.d3 Nc6 10.Be3 Bd7 11.Qd2 Qd6 12.Bh6 b6 13.Bxg7 Kxg7 14.a3 Rac8 15.
b4 Nd4 16.bxc5 Rxc5 17.Nxd4 Qxd4 18.Rad1 1/2-1/2

[Event "4th Linares it"]
[Site "Linares ESP"]
[Date "1983.02.12"]
[Round "1"]
[White "Hort, Vlastimil"]
[Black "Miles, Anthony John"]
[Result "1/2-1/2"]
[WhiteElo "2585"]
[BlackElo "2585"]
[EventDate "1983.02.11"]
[PlyCount "148"]

1.d4 Nf6 2.c4 e6 3.Nc3 Bb4 4.Qc2 c5 5.dxc5 O-O 6.Nf3 Bxc5 7.Bf4 b6 8.e3 
Bb7 9.Rd1 a6 10.Be2 Nc6 11.O-O Be7 12.b3 d6 13.Rd2 Qb8 14.Rfd1 Rd8 15.h3 
Ra7 16.a3 Ba8 17.b4 Rad7 18.c5 b5 19.Bg3 e5 20.cxd6 Rxd6 21.Rxd6 Rxd6 22.
Nxe5 Nxe5 23.Bxe5 Rxd1+ 24.Nxd1 Qxe5 25.Qc8+ Bf8 26.Qxa8 Qa1 27.Qxa6 Bxb4 
28.Qxb5 Qxa3 29.Qb8+ Bf8 30.Qc8 Qc5 31.Qxc5 Bxc5 32.g4 g5 33.Kg2 Bd6 34.
Nc3 Be5 35.Nb5 Nd5 36.Bc4 Ne7 37.Kf3 Kg7 38.Ke4 Bb8 39.Kd4 h6 40.Bd3 Kf6 
41.Be4 Be5+ 42.Kc5 Bh2 43.Nd6 Bg1 44.Bd3 Kg7 45.Ne4 Ng8 46.Kd4 Nf6 47.Nd6 
Bxf2 48.Bc4 h5 49.gxh5 g4 50.Nf5+ Kh8 51.Ke5 g3 52.Nh4 Ng8 53.Kf4 Nh6 54.
Bf1 Kg7 55.Nf3 Ng8 56.Nh4 Nh6 57.Bg2 Kf6 58.Be4 Kg7 59.Ng2 Ng8 60.Bf3 Nh6 
61.Bg4 Ng8 62.Nh4 Nh6 63.Kf3 Kf6 64.Ke2 Ke7 65.Bc8 Kf8 66.Bf5 Ke7 67.Bg4 
Kf8 68.Ng2 Kg7 69.Nf4 Ng8 70.Nd5 Nf6 71.Ne7 Kf8 72.Nf5 Nd5 73.h6 Kg8 74.
Bh5 Nxe3 1/2-1/2

[Event "4th Linares it"]
[Site "Linares ESP"]
[Date "1983.02.13"]
[Round "2"]
[White "Andersson, Ulf"]
[Black "Seirawan, Yasser"]
[Result "1-0"]
[WhiteElo "2635"]
[BlackElo "2600"]
[EventDate "1983.02.11"]
[PlyCount "81"]

1.Nf3 c5 2.c4 Nc6 3.g3 g6 4.Bg2 Bg7 5.Nc3 e5 6.O-O d6 7.a3 Nge7 8.Rb1 a5 
9.d3 O-O 10.Bg5 f6 11.Be3 Be6 12.Ne1 Qd7 13.Nc2 a4 14.b3 axb3 15.Rxb3 Rfb8
16.Qb1 Ra6 17.Rb6 Qc7 18.Rb2 b6 19.Bd2 Qd8 20.a4 f5 21.Ne3 Nb4 22.Rxb4 
cxb4 23.Qxb4 Qd7 24.Rb1 Rd8 25.Qb3 Kh8 26.Nc2 h6 27.Nb4 Ra5 28.h4 f4 29.
Kh2 Kh7 30.Nbd5 Nxd5 31.cxd5 Bf5 32.Qxb6 Rc5 33.a5 Rdc8 34.Rb3 fxg3+ 35.
fxg3 e4 36.Nxe4 Rc2 37.Qe3 Qa4 38.Rb7 R8c7 39.Rxc7 Rxc7 40.Nxd6 Rc2 41.
Nxf5 1-0

[Event "4th Linares it"]
[Site "Linares ESP"]
[Date "1983.02.14"]
[Round "3"]
[White "Seirawan, Yasser"]
[Black "Yusupov, Artur"]
[Result "0-1"]
[WhiteElo "2600"]
[BlackElo "2565"]
[EventDate "1983.02.11"]
[PlyCount "112"]

1.d4 d5 2.c4 c6 3.Nf3 Nf6 4.Qb3 e6 5.Nc3 Be7 6.Bg5 dxc4 7.Qxc4 O-O 8.e4 b5
9.Qd3 b4 10.Na4 Ba6 11.Qc2 Bxf1 12.Kxf1 Nbd7 13.g3 c5 14.dxc5 Nxc5 15.Rd1 
Qe8 16.Bxf6 gxf6 17.Nxc5 Rc8 18.Kg2 Rxc5 19.Qd2 Qa8 20.Qxb4 Rb8 21.Qd4 Rc2
22.Rd2 Rbxb2 23.Qxb2 Rxb2 24.Rxb2 Qxe4 25.Rc1 Bd6 26.Rd2 Be5 27.Rd7 h5 28.
Rxa7 h4 29.Ra3 Bd4 30.Rb3 h3+ 31.Kxh3 Bxf2 32.Rbc3 Bb6 33.R1c2 e5 34.Rb2 
Ba5 35.Rc8+ Kg7 36.Nh4 f5 37.Rf2 Qg4+ 38.Kg2 f4 39.Rc6 Qd7 40.Rd6 Qg4 41.
Rd5 Bc7 42.Rc5 Qd7 43.Re2 f6 44.Rec2 Bb6 45.Rc6 e4 46.R6c3 Kf7 47.Rb3 Qd1 
48.Rcc3 e3 49.Kh3 e2 50.Nf3 e1=Q 51.Nxe1 Qxe1 52.Rf3 Qe6+ 53.Kg2 Qe2+ 54.
Kh3 Be3 55.Rxf4 Bxf4 56.gxf4 f5 0-1

[Event "4th Linares it"]
[Site "Linares ESP"]
[Date "1983.02.14"]
[Round "3"]
[White "Larsen, Bent"]
[Black "Timman, Jan"]
[Result "1-0"]
[WhiteElo "2555"]
[BlackElo "2605"]
[EventDate "1983.02.11"]
[PlyCount "99"]

1.e4 d6 2.d4 Nf6 3.Nc3 g6 4.Nf3 Bg7 5.h3 O-O 6.Be3 b6 7.Bd3 Bb7 8.O-O c5 
9.d5 Na6 10.Qd2 Nc7 11.Bh6 b5 12.Bxg7 Kxg7 13.a3 a6 14.Rfe1 e6 15.dxe6 
Nxe6 16.Bf1 Qb6 17.a4 b4 18.Nd5 Bxd5 19.exd5 Nc7 20.a5 Qb7 21.Bc4 Rfe8 22.
Qf4 Rad8 23.Rxe8 Ncxe8 24.Nh2 Rd7 25.Ng4 Nxg4 26.hxg4 Re7 27.f3 Re5 28.Kf2
Nf6 29.Rh1 Qe7 30.Qh6+ Kg8 31.Bxa6 Rxd5 32.Bc4 Rd4 33.Be2 Qa7 34.Ra1 c4 
35.Kg3 Nd5 36.a6 c3 37.bxc3 Nxc3 38.Re1 Qe7 39.a7 Qxa7 40.Bd3 Qd7 41.Rh1 
f5 42.Ra1 f4+ 43.Kh2 Qb7 44.Re1 Qf7 45.Qg5 Nd5 46.Qd8+ Kg7 47.g5 h6 48.Ra1
hxg5 49.Ra8 Qf6 50.Qh8+ 1-0

[Event "4th Linares it"]
[Site "Linares ESP"]
[Date "1983.02.16"]
[Round "4"]
[White "Yusupov, Artur"]
[Black "Geller, Efim"]
[Result "1/2-1/2"]
[WhiteElo "2565"]
[BlackElo "2575"]
[EventDate "1983.02.11"]
[PlyCount "38"]

1.d4 Nf6 2.Nf3 d5 3.c4 e6 4.Nc3 Be7 5.Bg5 h6 6.Bh4 O-O 7.e3 b6 8.Rc1 Bb7 
9.Bd3 c5 10.cxd5 cxd4 11.Bxf6 Bxf6 12.exd4 exd5 13.O-O Nc6 14.Bb5 Qd6 15.
Re1 Rfe8 16.Qd3 g6 17.h3 Kg7 18.a3 Rac8 19.Rcd1 Rcd8 1/2-1/2

[Event "4th Linares it"]
[Site "Linares ESP"]
[Date "1983.02.17"]
[Round "5"]
[White "Geller, Efim"]
[Black "Miles, Anthony John"]
[Result "1-0"]
[WhiteElo "2575"]
[BlackElo "2585"]
[EventDate "1983.02.11"]
[PlyCount "113"]

1.e4 c5 2.Nf3 d6 3.d4 cxd4 4.Nxd4 Nf6 5.Nc3 g6 6.Be3 Bg7 7.f3 O-O 8.Qd2 
Nc6 9.Bc4 Bd7 10.h4 Rc8 11.Bb3 h5 12.O-O-O Ne5 13.Bg5 Nc4 14.Qe2 Na5 15.
Kb1 a6 16.g4 e5 17.Nf5 gxf5 18.gxf5 Nxb3 19.axb3 Bc6 20.Rhg1 Kh7 21.Rg2 
Rg8 22.Rdg1 Qe7 23.Nd1 d5 24.Nf2 Bb5 25.Qd1 Rcd8 26.Qe1 Bc6 27.Qe2 Bb5 28.
Qe1 Qd6 29.exd5 Qd7 30.Bxf6 Bxf6 31.Ne4 Qxf5 32.Ng5+ Bxg5 33.Rxg5 Rxg5 34.
Rxg5 Qf6 35.Qe4+ Kh6 36.Rf5 Qg6 37.Qxe5 Re8 38.Qf4+ Kh7 39.Rxf7+ Kh8 40.
Rf6 Qg7 41.Rh6+ Kg8 42.Rxh5 Rf8 43.Qd6 Rf6 44.Qb8+ Rf8 45.Qh2 Rf6 46.Rg5 
Rg6 47.Qb8+ Kh7 48.Rxg6 Qxg6 49.Qxb7+ Kh6 50.Qe7 a5 51.Qe5 Qb6 52.Qg5+ Kh7
53.Qe7+ Kg6 54.d6 Qc6 55.c4 Qxf3 56.Qg5+ Kh7 57.Qxb5 1-0

[Event "4th Linares it"]
[Site "Linares ESP"]
[Date "1983.02.17"]
[Round "5"]
[White "Sax, Gyula"]
[Black "Andersson, Ulf"]
[Result "1/2-1/2"]
[WhiteElo "2560"]
[BlackElo "2635"]
[EventDate "1983.02.11"]
[PlyCount "38"]

1.e4 c5 2.Nf3 e6 3.d4 cxd4 4.Nxd4 Nc6 5.Nc3 Qc7 6.g3 a6 7.Bg2 d6 8.O-O Be7
9.Re1 Bd7 10.Nxc6 Bxc6 11.a4 Nf6 12.a5 O-O 13.Be3 Nd7 14.Na4 Rae8 15.Bb6 
Nxb6 16.Nxb6 Qb8 17.c4 Bd8 18.Qd4 Bc7 19.b4 Qd8 1/2-1/2

[Event "4th Linares it"]
[Site "Linares ESP"]
[Date "1983.02.18"]
[Round "6"]
[White "Hort, Vlastimil"]
[Black "Seirawan, Yasser"]
[Result "1/2-1/2"]
[WhiteElo "2585"]
[BlackElo "2600"]
[EventDate "1983.02.11"]
[PlyCount "51"]

1.d4 Nf6 2.Nf3 e6 3.c4 b6 4.Nc3 Bb4 5.Qc2 Bb7 6.a3 Bxc3+ 7.Qxc3 d6 8.b4 
Nbd7 9.Bb2 O-O 10.e3 a5 11.Be2 Ne4 12.Qd3 axb4 13.axb4 Rxa1+ 14.Bxa1 Qa8 
15.Qb1 Qa3 16.Bd3 Ra8 17.O-O Ndf6 18.h3 Qa2 19.Qc2 Qxc2 20.Bxc2 Ra2 21.Rc1
h5 22.b5 c6 23.bxc6 Bxc6 24.d5 exd5 25.Bxf6 Nxf6 26.Nd4 1/2-1/2

[Event "4th Linares it"]
[Site "Linares ESP"]
[Date "1983.02.18"]
[Round "6"]
[White "Yusupov, Artur"]
[Black "Sax, Gyula"]
[Result "1/2-1/2"]
[WhiteElo "2565"]
[BlackElo "2560"]
[EventDate "1983.02.11"]
[PlyCount "57"]

1.d4 Nf6 2.c4 e6 3.Nf3 c5 4.d5 exd5 5.cxd5 g6 6.Nc3 d6 7.Bf4 a6 8.e4 b5 9.
e5 dxe5 10.Nxe5 Bd6 11.Be2 O-O 12.O-O Re8 13.Nc6 Nxc6 14.Bxd6 Qxd6 15.dxc6
Qxd1 16.Bxd1 Be6 17.Bf3 Rac8 18.h3 Kf8 19.Rfc1 Ke7 20.a4 b4 21.Ne2 Bd5 22.
Bxd5 Nxd5 23.Rxc5 Kd6 24.Rc2 Rxc6 25.Rd2 Kc7 26.Rad1 Nf6 27.Nd4 Rc4 28.Nb3
Re7 29.Na5 1/2-1/2

[Event "4th Linares it"]
[Site "Linares ESP"]
[Date "1983.02.18"]
[Round "6"]
[White "Miles, Anthony John"]
[Black "Karpov, Anatoly"]
[Result "1/2-1/2"]
[WhiteElo "2585"]
[BlackElo "2710"]
[EventDate "1983.02.11"]
[PlyCount "23"]

1.Nf3 Nf6 2.c4 e6 3.g3 d5 4.Bg2 dxc4 5.Qa4+ Nbd7 6.O-O c5 7.Qxc4 b6 8.d4 
Bb7 9.Rd1 a6 10.a4 Qc8 11.Nc3 Be7 12.Bf4 1/2-1/2

[Event "4th Linares it"]
[Site "Linares ESP"]
[Date "1983.02.19"]
[Round "7"]
[White "Geller, Efim"]
[Black "Hort, Vlastimil"]
[Result "1/2-1/2"]
[WhiteElo "2575"]
[BlackElo "2585"]
[EventDate "1983.02.11"]
[PlyCount "46"]

1.e4 g6 2.d4 Bg7 3.Nf3 d6 4.Nc3 a6 5.Be2 b5 6.O-O Nd7 7.Re1 Bb7 8.Bf1 c5 
9.a4 b4 10.Nd5 Ngf6 11.Nxf6+ Nxf6 12.d5 O-O 13.Bc4 a5 14.Qd3 Nd7 15.c3 Qb6
16.Bf4 Ba6 17.e5 Bxc4 18.Qxc4 Qa6 19.Qe4 bxc3 20.bxc3 c4 21.Qe3 Qb6 22.Qe2
Qa6 23.Qe3 Qb6 1/2-1/2

[Event "4th Linares it"]
[Site "Linares ESP"]
[Date "1983.02.19"]
[Round "7"]
[White "Andersson, Ulf"]
[Black "Yusupov, Artur"]
[Result "1/2-1/2"]
[WhiteElo "2635"]
[BlackElo "2565"]
[EventDate "1983.02.11"]
[PlyCount "48"]

1.Nf3 d5 2.d4 c6 3.c4 Nf6 4.cxd5 cxd5 5.Nc3 Nc6 6.Bf4 Bf5 7.e3 e6 8.Ne5 
Bd6 9.Bb5 Bxe5 10.Bxc6+ bxc6 11.Bxe5 O-O 12.O-O Nd7 13.Bd6 Re8 14.Rc1 Nb6 
15.Bg3 a5 16.b3 a4 17.Nxa4 Nxa4 18.bxa4 Ra6 19.Rc3 Qd7 20.Qb3 Rea8 21.Rfc1
h5 22.h3 Be4 23.a5 Qd8 24.f3 Bg6 1/2-1/2

[Event "4th Linares it"]
[Site "Linares ESP"]
[Date "1983.02.22"]
[Round "9"]
[White "Karpov, Anatoly"]
[Black "Larsen, Bent"]
[Result "1-0"]
[WhiteElo "2710"]
[BlackElo "2555"]
[EventDate "1983.02.11"]
[PlyCount "85"]

1.e4 c6 2.d4 d5 3.Nd2 dxe4 4.Nxe4 Bf5 5.Ng3 Bg6 6.h4 h6 7.Nf3 Nd7 8.h5 Bh7
9.Bd3 Bxd3 10.Qxd3 e6 11.Bf4 Ngf6 12.O-O-O Be7 13.Kb1 a5 14.Ne4 Nxe4 15.
Qxe4 a4 16.Ne5 a3 17.b3 Nxe5 18.dxe5 Qa5 19.Bd2 Qc7 20.f4 O-O 21.f5 exf5 
22.Qxf5 Qc8 23.Qxc8 Rfxc8 24.c4 b5 25.Kc2 Kf8 26.Rhf1 Ke8 27.Rf4 Ra7 28.
Be1 Rb7 29.Rg4 Bf8 30.Rgd4 b4 31.Bh4 Be7 32.c5 Bxh4 33.Rxh4 Rb5 34.Rc4 Rc7
35.Rdd4 Re7 36.Re4 Kd7 37.Kd3 Ke6 38.Red4 Kxe5 39.Re4+ Kf6 40.Rf4+ Kg5 41.
Rg4+ Kxh5 42.Rxg7 Rbb7 43.Rc1 1-0

[Event "4th Linares it"]
[Site "Linares ESP"]
[Date "1983.02.22"]
[Round "9"]
[White "Geller, Efim"]
[Black "Spassky, Boris"]
[Result "1/2-1/2"]
[WhiteElo "2575"]
[BlackElo "2605"]
[EventDate "1983.02.11"]
[PlyCount "33"]

1.e4 g6 2.d4 Bg7 3.Nf3 d6 4.Be2 Nf6 5.Nc3 Bg4 6.Be3 O-O 7.O-O Nc6 8.Qd2 
Re8 9.d5 Bxf3 10.Bxf3 Ne5 11.Be2 c6 12.h3 Qc7 13.a4 Qa5 14.Ra3 Ned7 15.Rb1
e6 16.Rd1 Qd8 17.Rb3 1/2-1/2

[Event "4th Linares it"]
[Site "Linares ESP"]
[Date "1983.02.23"]
[Round "10"]
[White "Spassky, Boris"]
[Black "Karpov, Anatoly"]
[Result "1/2-1/2"]
[WhiteElo "2605"]
[BlackElo "2710"]
[EventDate "1983.02.11"]
[PlyCount "35"]

1.e4 c5 2.Nc3 Nc6 3.g3 g6 4.Bg2 Bg7 5.d3 e6 6.Be3 d6 7.f4 Nge7 8.Nf3 Nd4 
9.O-O O-O 10.Bf2 Nxf3+ 11.Bxf3 Nc6 12.Bg2 Rb8 13.Rb1 b6 14.Qd2 Bb7 15.a3 
Rc8 16.Ne2 Nd4 17.c3 Nxe2+ 18.Qxe2 1/2-1/2

[Event "4th Linares it"]
[Site "Linares ESP"]
[Date "1983.02.23"]
[Round "10"]
[White "Hort, Vlastimil"]
[Black "Andersson, Ulf"]
[Result "1/2-1/2"]
[WhiteElo "2585"]
[BlackElo "2635"]
[EventDate "1983.02.11"]
[PlyCount "51"]

1.e4 c5 2.Nf3 e6 3.d3 Nc6 4.g3 d6 5.Bg2 g6 6.O-O Bg7 7.c3 e5 8.a3 Nge7 9.
b4 O-O 10.Nbd2 h6 11.Nc4 b5 12.Ne3 Be6 13.Nd2 cxb4 14.axb4 a5 15.bxa5 Rxa5
16.Rb1 Bd7 17.Nb3 Ra8 18.Bd2 Qc8 19.Na1 Rb8 20.Rb2 Kh7 21.Nac2 Nd8 22.Qe2 
Ne6 23.Nd5 Nxd5 24.exd5 Nc5 25.Nb4 Bf5 26.Rfb1 1/2-1/2

[Event "4th Linares it"]
[Site "Linares ESP"]
[Date "1983.02.25"]
[Round "11"]
[White "Karpov, Anatoly"]
[Black "Seirawan, Yasser"]
[Result "1/2-1/2"]
[WhiteElo "2710"]
[BlackElo "2600"]
[EventDate "1983.02.11"]
[PlyCount "91"]

1.e4 c6 2.d4 d5 3.Nd2 dxe4 4.Nxe4 Bf5 5.Ng3 Bg6 6.Nf3 Nd7 7.h4 h6 8.h5 Bh7
9.Bd3 Bxd3 10.Qxd3 Qc7 11.Bd2 Ngf6 12.O-O-O e6 13.Ne4 Be7 14.Nxf6+ Bxf6 
15.Qe4 O-O-O 16.Bf4 Qa5 17.Kb1 Rhe8 18.Bg3 Qf5 19.Qe2 b5 20.Rd3 Nb6 21.Ne5
Bxe5 22.Bxe5 f6 23.g4 Qh7 24.Bg3 Kb7 25.Re1 a5 26.Qd2 a4 27.f3 Qg8 28.Re4 
Qf7 29.Qe1 Rd5 30.a3 Qd7 31.Qd1 Rd8 32.Be1 f5 33.Re2 Qf7 34.Bb4 fxg4 35.
fxg4 g6 36.Qe1 gxh5 37.Rxe6 R8d7 38.gxh5 Rf5 39.Rd1 Rxh5 40.Qe4 Nd5 41.Bc5
Rh2 42.Rc1 h5 43.Rh6 Rf2 44.Qe1 Rd8 45.Qd1 Rf3 46.Qe1 1/2-1/2

[Event "4th Linares it"]
[Site "Linares ESP"]
[Date "1983.02.25"]
[Round "11"]
[White "Yusupov, Artur"]
[Black "Hort, Vlastimil"]
[Result "1/2-1/2"]
[WhiteElo "2565"]
[BlackElo "2585"]
[EventDate "1983.02.11"]
[PlyCount "50"]

1.d4 Nf6 2.c4 e6 3.Nf3 b6 4.g3 Bb4+ 5.Bd2 a5 6.Bg2 Bb7 7.O-O O-O 8.Bg5 Be7
9.Nc3 Ne4 10.Bxe7 Qxe7 11.Qc2 Nxc3 12.Qxc3 Be4 13.Qe3 f5 14.Rad1 Na6 15.a3
a4 16.Ne1 Bxg2 17.Nxg2 d6 18.Qd3 e5 19.Ne3 g6 20.Nd5 Qg7 21.e3 e4 22.Qc2 
Qd7 23.Nc3 Nb8 24.f3 exf3 25.Rxf3 Nc6 1/2-1/2